000 00277nam a2200121 a 4500
001 4140
005 20140414132030.0
008 090218s19uu xx 00 eng d
050 _aTR
_bM86 1999
100 _aMcCully, Emily Arnold
245 _aMouse practice.
999 _c113609
_d113609